| 000 | 00734cab a2200241 4500 | ||
|---|---|---|---|
| 001 | WB3146-37 | ||
| 008 | 090401t1995 xxu||||| |||| 00| 0 eng d | ||
| 035 | _a(Sirsi) u45825 | ||
| 041 | _aeng | ||
| 245 | _aAgents demand rewards | ||
| 260 | _c1995 | ||
| 350 | _a0 | ||
| 490 |
_aEstates Times _v(1305) 1 December 1995, 1(1) |
||
| 520 | _aCommercial property agents have launched a campaign to review the existing system of financial remuneration for their services. | ||
| 650 | _aCOMMERCIAL AGENTS | ||
| 650 | _aCOMMISSION | ||
| 650 | _aPROFESSIONAL FEES | ||
| 650 | _aPROPERTY MANAGERS | ||
| 650 | _aREMUNERATION | ||
| 690 | _aMANAGEMENT-BUSINESS MANAGEMENT-PROFESSIONAL PRACTICE | ||
| 942 | _n0 | ||
| 948 | _c04/03/1997 | ||
| 999 |
_c28992 _d28992 |
||